<?xml version="1.0" encoding="UTF-8"?>
<collection xmlns="http://www.loc.gov/MARC21/slim">
 <record>
  <leader>00721nam a22001577a 4500</leader>
  <controlfield tag="001">NCT_23458</controlfield>
  <controlfield tag="008">171130b        xxu||||| |||| 00| 0 vie d</controlfield>
  <datafield tag="999" ind1=" " ind2=" ">
   <subfield code="c">1111</subfield>
   <subfield code="d">1111</subfield>
  </datafield>
  <datafield tag="020" ind1=" " ind2=" ">
   <subfield code="c">50000</subfield>
  </datafield>
  <datafield tag="082" ind1="0" ind2="4">
   <subfield code="2">23rd ed.</subfield>
   <subfield code="a">423</subfield>
   <subfield code="b">Th116</subfield>
  </datafield>
  <datafield tag="245" ind1="0" ind2="0">
   <subfield code="a">Từ điển kết cấu giới từ tiếng anh =</subfield>
   <subfield code="b">English prepositional idions</subfield>
   <subfield code="c">Hữu Thành (biên dịch); Nguyễn Hữu Thăng (biên soạn)</subfield>
  </datafield>
  <datafield tag="260" ind1=" " ind2=" ">
   <subfield code="a">H.</subfield>
   <subfield code="b">Văn Hóa-Thông Tin</subfield>
   <subfield code="c">1998</subfield>
  </datafield>
  <datafield tag="300" ind1=" " ind2=" ">
   <subfield code="a">653 tr.</subfield>
   <subfield code="c">21cm</subfield>
  </datafield>
  <datafield tag="942" ind1=" " ind2=" ">
   <subfield code="2">ddc</subfield>
   <subfield code="c">BK</subfield>
  </datafield>
  <datafield tag="952" ind1=" " ind2=" ">
   <subfield code="0">0</subfield>
   <subfield code="1">0</subfield>
   <subfield code="2">ddc</subfield>
   <subfield code="4">0</subfield>
   <subfield code="6">423_000000000000000_TH116</subfield>
   <subfield code="7">0</subfield>
   <subfield code="9">4854</subfield>
   <subfield code="a">000001</subfield>
   <subfield code="b">000001</subfield>
   <subfield code="d">2017-11-30</subfield>
   <subfield code="l">1</subfield>
   <subfield code="o">423 Th116</subfield>
   <subfield code="p">MD.09095</subfield>
   <subfield code="r">2018-02-05</subfield>
   <subfield code="s">2018-01-06</subfield>
   <subfield code="v">50000.00</subfield>
   <subfield code="w">2017-11-30</subfield>
   <subfield code="y">BK</subfield>
  </datafield>
  <datafield tag="980" ind1=" " ind2=" ">
   <subfield code="a">Thư viện Trường Đại học Nam Cần Thơ</subfield>
  </datafield>
 </record>
</collection>
